| 000 | 02245nam a22002777 4500 | ||
|---|---|---|---|
| 001 | 193553 | ||
| 003 | ES-MaACL | ||
| 005 | 20250711063120.0 | ||
| 008 | 240105s2023 sp ||||| |||| 00| 0 spa d | ||
| 040 | _cES-MaACL | ||
| 080 | _a9788419978547 | ||
| 100 | 0 |
_954057 _aGarcía, Juan Carlos, _d1958- _eaut |
|
| 245 |
_aHomonías y femenías. _n I, _pQuince relatos / _cJuan Carlos García |
||
| 246 | _aQuince relatos | ||
| 250 | _aPrimera edición: agosto de 2023 | ||
| 260 |
_a[Lugar no identificado]: _bEditorial Letra Minúscula, _c2023 |
||
| 300 |
_a224 páginas ; _c22 cm |
||
| 520 | _aLos quince cuentos que forman parte de este libro tienen diversos estilos e historias muy variadas, pero tienen algo en común: queremos saber cómo siguen su vida los protagonistas de cada uno de ellos. Y eso es un mérito infrecuente. Qué fue de Ría, la diosa humanizada, y de André, el sombrerero lleno de amor y de dudas; qué fue de Conchita y su nueva ferretería; qué fue de Silver y Palmira, si lograron su cometido; qué fue de Nico y su perro adoptado; qué fue de Leandro, si encontró el perfume que siguió buscando; qué fue de Roland, de Solange y de Nicole, si sus caminos se volvieron a cruzar; qué fue de los pasajeros perdidos en la terminal; qué fue de Benito y su nuevo interés por el arte; qué fue de Nicola después de sus sesiones con Rosita; qué fue de Fred, si tuvo una hija a quien llamar Ana; qué fue del cuarteto integrado por Albino, Dorita, Maurice y Lupita, si lograron revivir la literatura; qué fue de Violeta y de Martín, y de su amor tardío y recién descubierto. Y así cerramos el libro, despidiéndonos con cierta melancolía de estos personajes entrañables, que nos seguirán acompañando para siempre. | ||
| 852 |
_aEs-MaACL _bR.154884 _cDEPOJ _jN-9686 _hDonación: Juan Carlos García _xEncuadernación rústica _gDedicatoria autógrafa del autor _9201299 |
||
| 903 |
_954057 _aGarcía, Juan Carlos, _d1958- _ednr |
||
| 942 |
_n0 _cMONOGRAFIA |
||
| 999 |
_c193553 _d193553 |
||